South from America (Record no. 5613)
[ view plain ]
| 000 -LEADER | |
|---|---|
| fixed length control field | 01398cam a22001934a 4500 |
| 005 - ΗΜΕΡΟΜΗΝΙΑ ΚΑΙ ΩΡΑ ΤΕΛΕΥΤΑΙΑΣ ΕΝΗΜΕΡΩΣΗΣ | |
| Πεδίο ελέγχου | 20250605164217.0 |
| 008 - FIXED-LENGTH DATA ELEMENTS--GENERAL INFORMATION | |
| Πεδίο ελέγχου σταθερού μήκους | 250528s ||||||||||||||||||||||||d |
| 035 ## - SYSTEM CONTROL NUMBER | |
| System control number | 20513 |
| 040 ## - ΠΗΓΗ ΚΑΤΑΛΟΓΟΓΡΑΦΗΣΗΣ | |
| Φορέας πρωτότυπης καταλογογράφησης | MC Athens Campus Library |
| Γλώσσα καταλογογράφησης | Ελληνικά, Μοντέρνα (1453-) |
| Modifying agency | MC Athens Campus Library |
| Κανόνες περιγραφικής καταλογογράφησης | AACR2 |
| 245 1# - ΤΙΤΛΟΣ ΚΑΙ ΔΗΛΩΣΗ ΥΠΕΥΘΥΝΟΤΗΤΑΣ | |
| Τίτλος | South from America |
| 260 ## - PUBLICATION, DISTRIBUTION, ETC. | |
| Name of publisher, distributor, etc. | Penguin Books, |
| Date of publication, distribution, etc. | 1963 |
| 300 ## - PHYSICAL DESCRIPTION | |
| Extent | 320 |
| 505 0# - FORMATTED CONTENTS NOTE | |
| Formatted contents note | Preface, Arrival and Discovery, The Alpujarra, Friends and Neighbours, Lytton Strachey's Visit, Love Affairs and Politics, The Village Calendar, School and Church, The Fair at Ugijar, Masons and Animals, Beliefs and Rituals, The Lonely Scotsman, Food and the Phoenicians, Virginia Woolf's Visit, The High Mountains and Guadix, A Chapter of History, Almeria and Its Brothels, Almeria and Archaeology, Granada in the Twenties, Courtship and Marriage, Last Years at Yegen, A Postscript. |
| 520 ## - SUMMARY, ETC. | |
| Summary, etc. | Preface, Arrival and Discovery, The Alpujarra, Friends and Neighbours, Lytton Strachey's Visit, Love Affairs and Politics, The Village Calendar, School and Church, The Fair at Ugijar, Masons and Animals, Beliefs and Rituals, The Lonely Scotsman, Food and the Phoenicians, Virginia Woolf's Visit, The High Mountains and Guadix, A Chapter of History, Almeria and Its Brothels, Almeria and Archaeology, Granada in the Twenties, Courtship and Marriage, Last Years at Yegen, A Postscript. |
| 700 1# - ΠΡΟΣΘΕΤΗ ΑΝΑΓΡΑΦΗ--ΦΥΣΙΚΟ ΠΡΟΣΩΠΟ | |
| Personal name | Brenan Gerald |
| 9 (RLIN) | 6503 |
| 942 ## - ADDED ENTRY ELEMENTS (KOHA) | |
| Koha item type | Books |
| Τύπος τεκμηρίου | Βιβλιοθήκη | Τρέχουσα τοποθεσία | Barcode | Αριθμός εισαγωγής | Ημερομηνία απόκτησης | Ταξιθετικό σύμβολο | Αριθμός αντιτύπου | Κατάσταση απόσυρσης | Κατάσταση χαμένου | Κατάσταση κατεστραμμένου | Μη δανεισμός | Σύνολο δανεισμών | Ημερομηνία τελευταίας εμφάνισης | Η τιμή ισχύει από |
|---|---|---|---|---|---|---|---|---|---|---|---|---|---|---|
| Books | MC Athens Campus Library | MC Athens Campus Library | 9780000056122 | 6991 | 05/06/2025 | 914.68 BRE | 1 | 05/06/2025 | 05/06/2025 |